POHLED NA DĚJINY LÉKÁRNICTVÍ

Bibliographic Details
Main Author: Skarnitzl, Ed (Author)
Format: Article
Language:Czech

MARC

LEADER 00000nab a2200000uu 4500
001 vtls011452977
003 SK-MaSNL
005 20260303201634.0
008 230121|1962 xo |||||||||||||||||cze|
015 |a SNBRB 
035 |a (urnnbn)urn:nbn:sk:snk:ar-007ybt 
035 |a (uuid)92135bb3-6096-449b-8baa-382a12f8ffe1 
035 |a urn:nbn:sk:snk-abcol4 
040 |a SNKBUCL  |b slo  |c SNKBUCL  |e AACR2 
041 0 |a cze 
044 |a xo  |c SK 
100 1 |a Skarnitzl, Ed.  |4 aut  |9 1232664 
245 1 0 |a POHLED NA DĚJINY LÉKÁRNICTVÍ  |c Ed. Skarnitzl 
773 0 |t Farmaceutický obzor : odborný časopis Ministerstva zdravotníctva Slovenskej republiky a Slovenskej zdravotníckej univerzity v Bratislave  |g Roč. 31, č. 11-12 (1962), s. 509-515 
954 |a odborná, vedecká literatúra cudzojazyčná (svetová)  |2 lita 
958 |a OND 
958 |a EUIPO 
958 |a article16 
999 |c 2175166  |d 2177096